[Event "IRL-ch Seniors 50"]
[Site "Dublin"]
[Date "2024.01.06"]
[Round "4"]
[White "O'Gorman, Brian"]
[Black "McHugh, Kevin"]
[Result "0-1"]
[WhiteElo "1542"]
[BlackElo "1879"]
[PlyCount "94"]
[EventDate "2024.01.04"]
[EventType "swiss"]
[EventRounds "7"]
[EventCountry "IRL"]
[SourceTitle "CBM 218 Extra"]
[Source "ChessBase"]
[SourceDate "2024.03.31"]
[SourceVersion "1"]
[SourceVersionDate "2024.03.31"]
[SourceQuality "1"]

1. e4 e6 2. d4 d5 3. e5 c5 4. c3 Nc6 5. Nf3 Qb6 6. a3 c4 7. Nbd2 f6 8. Be2 fxe5 9. Nxe5 Nxe5 10. dxe5 Bc5 11. 0-0 Ne7 12. Nf3 0-0 13. b4 cxb3 14. Rb1 Qc7 15. Nd4 Qxe5 16. Rxb3 Nf5 17. Bf3 Nxd4 18. cxd4 Bxd4 19. Re1 Qf6 20. Be3 Bxe3 21. Rexe3 Rb8 22. Qe1 Bd7 23. Re5 Rfc8 24. h3 Rc7 25. Kh2 Qf4+ 26. g3 Qc1 27. Bg4 Qxe1 28. Rxe1 Rc6 29. Re5 Kf7 30. h4 b5 31. f4 g6 32. Bf3 a5 33. Rbe3 Rd6 34. g4 b4 35. axb4 axb4 36. f5 b3 37. fxg6+ hxg6 38. Bd1 b2 39. Rf3+ Kg7 40. Bc2 b1Q 41. Bxb1 Rxb1 42. h5 d4 43. Rg5 Be8 44. Ra5 Rb7 45. Ra8 Re7 46. Raa3 e5 47. Kg2 Bc6 0-1

[Event "Skalica Schaeffler op"]
[Site "Skalica"]
[Date "2020.08.30"]
[Round "9"]
[White "Sosovickova, Martina"]
[Black "O'Gorman, Brian"]
[Result "0-1"]
[WhiteElo "1362"]
[BlackElo "1464"]
[PlyCount "76"]
[EventDate "2020.08.23"]
[EventType "swiss"]
[EventRounds "9"]
[EventCountry "SVK"]
[SourceTitle "CBM 198 Extra"]
[Source "ChessBase"]
[SourceDate "2020.11.30"]
[SourceVersion "1"]
[SourceVersionDate "2020.11.30"]
[SourceQuality "1"]

1. e4 c6 2. d4 d5 3. Nc3 dxe4 4. Nxe4 Bf5 5. Ng3 Bg6 6. Nf3 Nd7 7. Bf4 Ngf6 8. c4 e6 9. Be2 Bb4+ 10. Bd2 Qa5 11. 0-0 0-0 12. Bxb4 Qxb4 13. Qd2 Qd6 14. Rad1 Rad8 15. Rfe1 Qc7 16. Qc3 Nb6 17. b3 Nc8 18. Ne5 Ne7 19. Bf3 Rd6 20. Nxg6 hxg6 21. Ne4 Nxe4 22. Bxe4 Rfd8 23. Rd3 R6d7 24. Red1 Qf4 25. Bf3 g5 26. g3 Qf6 27. Be4 c5 28. d5 Qxc3 29. Rxc3 Nc6 30. Rcd3 Nd4 31. Kg2 f5 32. Bf3 g4 33. Bxg4 fxg4 34. dxe6 Re7 35. Re3 Rde8 36. Re5 b6 37. Rg5 Rxe6 38. Rxg4 Re2 0-1

[Event "Skalica Schaeffler op"]
[Site "Skalica"]
[Date "2020.08.28"]
[Round "7"]
[White "O'Gorman, Brian"]
[Black "Stevik, Patrik"]
[Result "1-0"]
[WhiteElo "1464"]
[BlackElo "1378"]
[PlyCount "117"]
[EventDate "2020.08.23"]
[EventType "swiss"]
[EventRounds "9"]
[EventCountry "SVK"]
[SourceTitle "CBM 198 Extra"]
[Source "ChessBase"]
[SourceDate "2020.11.30"]
[SourceVersion "1"]
[SourceVersionDate "2020.11.30"]
[SourceQuality "1"]

1. e4 b6 2. d4 Bb7 3. Nc3 e6 4. a3 Nf6 5. Bd3 d5 6. e5 Nfd7 7. f4 c5 8. Nf3 Nc6 9. Be3 g6 10. g4 c4 11. Bf1 a6 12. h4 b5 13. h5 Ne7 14. Ng5 h6 15. hxg6 fxg6 16. Nxe6 Qb6 17. Nxf8 Nxf8 18. Bg2 Ne6 19. Rf1 0-0-0 20. f5 gxf5 21. gxf5 Ng5 22. Qg4 Kb8 23. Ke2 Rdg8 24. Qh5 Qd8 25. Qh1 Qd7 26. e6 Qe8 27. f6 Qg6 28. fxe7 Qxc2+ 29. Bd2 Ne4 30. Nxe4 dxe4 31. Rf8+ Rxf8 32. exf8Q+ Rxf8 33. e7 Qd3+ 34. Kd1 Re8 35. Qf1 Qxd4 36. Qf8 Qd7 37. Bh3 Qxe7 38. Qxe7 Rxe7 39. Bxh6 e3 40. Ke2 Be4 41. Bxe3 Kb7 42. Rg1 Bd3+ 43. Kd2 Be4 44. Bg2 Rd7+ 45. Kc1 Bxg2 46. Rxg2 Re7 47. Bd4 Re6 48. Rg5 Re2 49. Rg7+ Ka8 50. Ra7+ Kb8 51. Rxa6 Re1+ 52. Kd2 Ra1 53. Rb6+ Kc7 54. Rxb5 Kc6 55. Rc5+ Kd6 56. Rxc4 Ra2 57. Rc1 Kd5 58. Bc3 Kc4 59. Kc2 1-0

[Event "Skalica Schaeffler op"]
[Site "Skalica"]
[Date "2020.08.23"]
[Round "1"]
[White "O'Gorman, Brian"]
[Black "Hrdlicka, Martin"]
[Result "0-1"]
[WhiteElo "1464"]
[BlackElo "1763"]
[PlyCount "80"]
[EventDate "2020.08.23"]
[EventType "swiss"]
[EventRounds "9"]
[EventCountry "SVK"]
[SourceTitle "CBM 198 Extra"]
[Source "ChessBase"]
[SourceDate "2020.11.30"]
[SourceVersion "1"]
[SourceVersionDate "2020.11.30"]
[SourceQuality "1"]

1. e4 e5 2. Nf3 Nc6 3. d4 exd4 4. Nxd4 Bc5 5. Nb3 Bb6 6. Nc3 Nf6 7. Bg5 0-0 8. Bd3 h6 9. Bh4 Nb4 10. f4 Re8 11. Qf3 d5 12. 0-0-0 Bg4 13. Qg3 Bxd1 14. Rxd1 dxe4 15. Bc4 Qe7 16. a3 Nxc2 17. Nd5 Nxd5 18. Bxe7 Nde3 19. Bf6 Nf5 20. Qc3 Nce3 21. Rd7 Nxc4 22. Qxc4 Nd6 23. Rxd6 cxd6 24. Qd5 gxf6 25. Nd4 e3 26. Ne2 Rac8+ 27. Kd1 Rc5 28. Qf3 d5 29. Qg4+ Kh8 30. Qd7 Rcc8 31. Qxf7 Rf8 32. Qg6 Rc7 33. Qxh6+ Kg8 34. Qh5 Rff7 35. Ke1 d4 36. g4 Kf8 37. g5 fxg5 38. fxg5 d3 39. g6 d2+ 40. Kd1 Rf1# 0-1

[Event "Bialystok Zamenhof Memorial-C 35th"]
[Site "Bialystok"]
[Date "2017.12.29"]
[Round "6.22"]
[White "O'Gorman, Brian"]
[Black "Tylenda, Krzysztof"]
[Result "0-1"]
[WhiteElo "1559"]
[BlackElo "1715"]
[PlyCount "49"]
[EventDate "2017.12.27"]
[EventType "swiss"]
[EventRounds "9"]
[EventCountry "POL"]
[SourceTitle "EXT 2023"]
[Source "ChessBase"]
[SourceDate "2022.10.05"]
[SourceVersion "1"]
[SourceVersionDate "2022.10.05"]
[SourceQuality "1"]

1. e4 c5 2. Nf3 Nc6 3. d4 cxd4 4. Nxd4 g6 5. Be3 Bg7 6. Nc3 Nf6 7. Bc4 Qa5 8. f3 Qb4 9. Nxc6 bxc6 10. Bb3 Ba6 11. Qd4 Qa5 12. 0-0-0 0-0 13. e5 Ne8 14. Qxd7 Bxe5 15. Bh6 Ng7 16. Ne4 Be2 17. Rd2 Rad8 18. Qxc6 Nf5 19. Bxf8 Bf4 20. c3 Kxf8 21. Re1 Bd3 22. Bc4 Bxe4 23. fxe4 Bxd2+ 24. Kd1 Bxc3+ 25. Kc2 0-1

[Event "Bialystok Zamenhof Memorial-C 35th"]
[Site "Bialystok"]
[Date "2017.12.28"]
[Round "3.30"]
[White "Frejlich, Robert"]
[Black "O'Gorman, Brian"]
[Result "0-1"]
[WhiteElo "1434"]
[BlackElo "1559"]
[PlyCount "82"]
[EventDate "2017.12.27"]
[EventType "swiss"]
[EventRounds "9"]
[EventCountry "POL"]
[SourceTitle "EXT 2023"]
[Source "ChessBase"]
[SourceDate "2022.10.05"]
[SourceVersion "1"]
[SourceVersionDate "2022.10.05"]
[SourceQuality "1"]

1. e4 c6 2. d4 d5 3. e5 Bf5 4. Nf3 e6 5. Be2 Nd7 6. 0-0 h6 7. Nbd2 g5 8. Nb3 g4 9. Ne1 h5 10. f3 c5 11. c3 c4 12. Nd2 Nh6 13. b3 b5 14. bxc4 bxc4 15. a4 f6 16. f4 Bh7 17. h3 Nf5 18. Nc2 Ng3 19. Bxg4 hxg4 20. Qxg4 Rg8 21. Qxe6+ Qe7 22. Qxe7+ Bxe7 23. Ne3 Nxf1 24. Ndxf1 Be4 25. g4 Rh8 26. Kh2 Kf7 27. Nd2 Rh7 28. exf6 Nxf6 29. g5 Nd7 30. Ba3 Bxa3 31. Nxe4 dxe4 32. Rxa3 Rah8 33. Nxc4 Rxh3+ 34. Kg2 e3 35. Kf1 Ke6 36. Ne5 Nxe5 37. fxe5 Rb8 38. g6 Rb2 39. Kg1 Rg3+ 40. Kh1 e2 41. Ra1 Rd2 0-1

[Event "BCF-chT3N 1617 (4NCL)"]
[Site "England"]
[Date "2017.01.14"]
[Round "3.208"]
[White "Flint, Martina"]
[Black "O'Gorman, Brian"]
[Result "1-0"]
[WhiteElo "1844"]
[BlackElo "1600"]
[PlyCount "71"]
[EventDate "2016.11.26"]
[EventType "team-swiss"]
[EventRounds "11"]
[EventCountry "ENG"]
[SourceTitle "EXT 2019"]
[Source "ChessBase"]
[SourceDate "2018.10.10"]
[SourceVersion "1"]
[SourceVersionDate "2018.10.10"]
[SourceQuality "1"]
[WhiteTeam "Jorvik"]
[BlackTeam "Enniscorthy"]
[WhiteTeamCountry "ENG"]
[BlackTeamCountry "IRL"]

1. f4 d5 2. g3 c5 3. Bg2 e6 4. Nf3 Bd6 5. 0-0 Ne7 6. d3 0-0 7. c3 Nbc6 8. e4 dxe4 9. dxe4 e5 10. f5 b5 11. Ng5 h6 12. Nh3 Kh7 13. Qh5 f6 14. g4 Qe8 15. Qh4 Ng8 16. Be3 Bb7 17. g5 fxg5 18. Nxg5+ Kh8 19. Ne6 Rf6 20. Qg4 g6 21. Nd2 c4 22. Qh4 h5 23. Bg5 Rf7 24. Rf3 Bc8 25. fxg6 Bxe6 26. Qxh5+ Kg7 27. Qh7+ Kf8 28. gxf7 Bxf7 29. Rxf7+ Qxf7 30. Rf1 Qxf1+ 31. Nxf1 Bc5+ 32. Be3 Be7 33. Bf3 Nd8 34. Qf5+ Bf6 35. Ng3 Ke7 36. Bc5+ 1-0